Word Ladder: Dixie Chicks Quiz Stats

 Plays Quiz Updated Mar 8, 2019

Score 0/28 Timer 04:00
11 Plays Today
Hint 4-Letter Word % Correct
FlamesFIRE
98%
A fee charged for breaking a lawFINE
98%
Money paid to a taxi driverFARE
97.5%
'A _____ of Two Cities'TALE
97%
⋆ You Were _____⋆ MINE ⋆
96.9%
⋆ I'll Take _____ of You ⋆ ⋆ CARE ⋆
96.5%
Not shortTALL
96.3%
Road feeTOLL
96.2%
⋆ Cowboy _____ Me Away ⋆ ⋆ TAKE ⋆
96.1%
Mickey and Minnie, e.g.MICE
95.9%
Silent performerMIME
95.7%
The rising and falling of the seaTIDE
95%
Burrowing mammalMOLE
94.6%
⋆ Long _____ Gone ⋆ ⋆ TIME ⋆
94.6%
Hint 4-Letter Word % Correct
_____ & IkeMIKE
94.3%
Make moneyEARN
94.3%
DawnMORN
94.2%
What Oliver Twist requestedMORE
93.9%
Looks old and damagedWORN
93.7%
⋆ Not Ready to _____ [Rung 1] ⋆⋆ MAKE ⋆
93.6%
⋆ _____ Open Spaces ⋆ ⋆ WIDE ⋆
92.6%
AlertWARN
92.3%
RecountedTOLD
88.9%
⋆ _____ in My Head ⋆ ⋆ HOLE ⋆
87.5%
⋆ Baby _____ On ⋆ ⋆ HOLD ⋆
87.2%
Rick Grimes's son on 'The Walking Dead'CARL
86%
⋆ Goodbye _____⋆ EARL ⋆
85.5%
⋆ Not Ready to [Rung 23] _____⋆ NICE ⋆
81.4%

Today's Daily Dose

Word Ladder
Lean on Me

Get the Picture
Superhero by Villain

You're not logged in!

Compare scores with friends on all Sporcle quizzes.
OR
Log In

Sporcle TV

Today on Sporcle TV


Watch our educational content, quiz creation guides, and fun videos on Sporcle TV.

Show Comments

Extras

Top Quizzes Today


Score Distribution

Your Account Isn't Verified!

In order to create a playlist on Sporcle, you need to verify the email address you used during registration. Go to your Sporcle Settings to finish the process.

Report this User

Report this user for behavior that violates our Community Guidelines.

Details: